00568nam a22002057a 450000500170000001000130001702000220003003500130005203700160006504000120008108200110009310000230010424500660012726000510019327000440024430000200028865000240030865000270033270000030035920170124110109.0 aB-081373 c00.00a0743406842 aB-081373 bCen Lib/Ret aDPLbEN aSbDIX aDixon, Franklin W. aThe hardy boys /cby Franklin W. Chance bghost of a chance / aNew YorkbChildren's publishing divisionc2002 bNew Yorka1230 Avenue of the Americans  a151p.c19cm(Hb) aEnglish literature  aEnglish short stories